000 00476nam a2200181 a 4500
001 4609
003 CO-ViMGA
008 141112s2004 ck r 000 u spa d
040 _aCO-ViMGA
_bspa
_cCO-ViMGA
082 0 4 _a179.9 C657
100 1 _aComte - Spanville, Andre
_955536
245 1 0 _aPequeño tratado de las grandes virtudes
260 _aBarcelona :
_bAndres Bello,
_c1996
300 _a343 p
650 1 4 _aSENTIMIENTOS
650 1 4 _aVIRTUDES
_955538
942 _2ddc
_cBK
999 _c16619
_d16619